Un viaje hacia el abismo / (Record no. 193291)

MARC details
000 -LEADER
campo de control de longitud fija 02667cam a2200397 i 4500
001 - NÚMERO DE CONTROL
campo de control 193291
003 - IDENTIFICADOR DE NÚMERO DE CONTROL
campo de control SpMaBN
005 - FECHA Y HORA DE LA ÚLTIMA TRANSACCIÓN
campo de control 20250804062656.0
007 - CAMPO FIJO DE DESCRIPCIÓN FÍSICA--INFORMACIÓN GENERAL
campo de control de longitud fija ta
008 - DATOS DE LONGITUD FIJA--INFORMACIÓN GENERAL
campo de control de longitud fija 080307s2006 sp | |||| 000 f spa
017 ## - NÚMERO DE COPYRIGHT O DE DEPÓSITO LEGAL
Número de copyright o de depósito legal SE 1413-2006
Agencia que asigna Oficina Depósito Legal Sevilla
020 ## - NÚMERO INTERNACIONAL ESTÁNDAR DEL LIBRO
Número Internacional Estándar del Libro 9788496115514
020 ## - NÚMERO INTERNACIONAL ESTÁNDAR DEL LIBRO
Número Internacional Estándar del Libro 8496115518
035 ## - NÚMERO DE CONTROL DEL SISTEMA
Número de control de sistema (OCoLC)71256245
035 ## - NÚMERO DE CONTROL DEL SISTEMA
Número de control de sistema a3331296
040 ## - FUENTE DE CATALOGACIÓN
Centro catalogador/agencia de origen SpMaBN
Lengua de catalogación spa
Centro/agencia transcriptor SpMaBN
Normas de descripción rdc
080 ## - NÚMERO DE LA CLASIFICACIÓN DECIMAL UNIVERSAL
Número de la Clasificación Decimal Universal 821.134.2-31"19"
100 1# - ENTRADA PRINCIPAL--NOMBRE DE PERSONA
Nombre de persona Legaz, Francisco
Número de control del registro de autoridad o número normalizado XX875854
Término indicativo de función/relación Autor
9 (RLIN) 234225
245 13 - MENCIÓN DEL TÍTULO
Título Un viaje hacia el abismo /
Mención de responsabilidad, etc. Francisco Legaz
260 ## - PUBLICACIÓN, DISTRIBUCIÓN, ETC.
Lugar de publicación, distribución, etc. [Madrid] :
Nombre del editor, distribuidor, etc. Ediciones Irreverentes,
Fecha de publicación, distribución, etc. [2006]
300 ## - DESCRIPCIÓN FÍSICA
Extensión 189 páginas ;
Dimensiones 21 cm
336 ## - TIPO DE CONTENIDO
Fuente rdacontent
Término de tipo de contenido Texto
337 ## - TIPO DE MEDIO
Fuente rdamedia
Nombre/término del tipo de medio sin mediación
338 ## - TIPO DE SOPORTE
Fuente rdacarrier
Nombre/término del tipo de soporte volumen
490 1# - MENCIÓN DE SERIE
Mención de serie Novísima biblioteca ;
Número Internacional Normalizado para Publicaciones Seriadas 3
520 ## - RESUMEN, ETC.
Sumario, etc. "Los dos protagonistas de Un viaje hacia el abismo están solos. Ella, viviendo en una gran ciudad; él, en un pueblo abandonado, que podría ser cualquier pueblo de Castilla o de Aragón. Ambos escapan de la soledad y se encuentran en un tren que les lleva hacia un destino inesperado", afirmó Francisco Legaz en su encuentro con los periodistas esta mañana en un céntrico café madrileño. "Tengo mucha relación con Castilla, sobre todo con Zamora, y he reflejado la vida de uno de esos hombres que conzco bien, que viven en un pueblo al que se ha dejado morir. Quizá piense que su soledad es única, pero es una constante en el mundo actual, y es difícil huir de ella. Todos intentamos escapar, y el tren, el viaje, es una metáfora de esa huida."<br/><br/>Narrativa intimista, una visión psicológica que profundiza en el alma de sus personajes, el entorno que participa como un actor más? En Un viaje hacia el abismo encontramos seres humanos que se suicidan inducidos por el comportamiento de los otros, un sacerdote para el que llegar a la gran ciudad supone gozar de la compañía de mujeres de pago; un asesinato, una mujer que decide abandonarlo todo y emprender un viaje de huida y un hombre que desde un lugar completamente distinto, decide hacer lo mismo, en sentido contrario.
655 #0 - TERMINO DE INDIZACIÓN--GENERO/FORMA
Datos o término principal de género/forma Novelas
9 (RLIN) 234319
830 #0 - PUNTO DE ACCESO ADICIONAL DE SERIE-TÍTULO UNIFORME
9 (RLIN) 234422
Título uniforme Novísima biblioteca
852 ## - LOCALIZACIÓN
Ubicación ES-MaACL
Sublocalización o colección R. 154695
Ubicación en estantería Depósito J
Número de control de estantería N-9469
Donativo/Legado Donación: Francisco Legaz
itemnumber 200730
Encuadernación Encuadernación rústica con solapas
903 ## - NOMBRE PERSONAL DE DONANTE
a Legaz, Francisco
e Donante
9 234225
942 ## - ELEMENTOS DE ENTRADA SECUNDARIOS (KOHA)
Suprimir en OPAC No
Tipo de ítem Koha Libro impreso
Holdings
Estatus retirado Estado de pérdida Fuente del sistema de clasificación o colocación Estado de daño No para préstamo Biblioteca de origen Biblioteca actual Ubicación en estantería Fecha de adquisición Fuente de adquisición Número de control de estantería Total de préstamos Signatura topográfica completa Código de barras Visto por última vez Tipo de ítem Koha
    Clasificación decimal universal     Biblioteca del Ateneo de Madrid Biblioteca del Ateneo de Madrid Depósito J 30/10/2023 Donación Ateneísta   N-9469 101206019 30/10/2023 Libro impreso